000 00407nam a2200157Ia 4500
003 GCL
008 140319s9999 xx 000 0 eng d
040 _aGCL /
_cGCL
082 0 4 _a616.9
_bR A
100 1 _aREAD, KEITHE.E.
245 1 0 _aAEROMEDICINE FOR ARIATORS /
_cREAD, KEITHE.E.
260 _a[S.N] :
_bAIRLIFE PUBLISHING ،
_c1988
300 _a77 P
650 0 4 _aAVIATION MEDICINE
942 _2ddc
_cBK
999 _c10596
_d10596